Signals and Systems with MATLAb, 5th (Record no. 289204)

000 -LEADER
fixed length control field 00314 a2200133 4500
001 - CONTROL NUMBER
control field 54131
082 ## - DEWEY DECIMAL CLASSIFICATION NUMBER
Classification number 621.3822SHA
090 ## - LOCALLY ASSIGNED LC-TYPE CALL NUMBER (OCLC); LOCAL CALL NUMBER (RLIN)
-- 33740
-- 33740
100 ## - MAIN ENTRY--PERSONAL NAME
Personal name Sharma Sanjay
245 ## - TITLE STATEMENT
Title Signals and Systems with MATLAb, 5th
250 ## - EDITION STATEMENT
Edition statement 5
260 ## - PUBLICATION, DISTRIBUTION, ETC.
Place of publication, distribution, etc. New Delhi
Name of publisher, distributor, etc. S.K Kataria & Sons
Date of publication, distribution, etc. 2007
300 ## - PHYSICAL DESCRIPTION
Extent 737.p
942 ## - ADDED ENTRY ELEMENTS (KOHA)
Institution code [OBSOLETE] NUST-CAE
Call number prefix 621.3822SHA
Holdings
Withdrawn status Lost status Damaged status Not for loan Collection code Permanent Location Current Location Date acquired Total Checkouts Full call number Barcode Date last seen Price effective from Koha item type
          College of Aeronautical Engineering (CAE) College of Aeronautical Engineering (CAE) 04/03/2017   621.3822SHA CAEN-4205 04/05/2017 04/05/2017 Book
© 2023 Central Library, National University of Sciences and Technology. All Rights Reserved.